[Event "2. Bundesliga West 2005/2006"]
[Site "AUT"]
[Date "2006.01.20"]
[Round "6"]
[White "Blaskowski, Johannes"]
[Black "Mrva, Martin"]
[Result "0-1"]
[WhiteElo "2366"]
[BlackElo "2490"]
[PlyCount "80"]
[EventDate "2005.10.??"]
[EventType "team"]
[EventRounds "11"]
[EventCountry "AUT"]
[WhiteTeam "Woergl IV"]
[BlackTeam "Lochau XII"]
[WhiteTeamCountry "AUT"]
[BlackTeamCountry "AUT"]

1. e4 c5 2. Nf3 d6 3. d4 cxd4 4. Nxd4 Nf6 5. Nc3 Nc6 6. Bg5 Qb6 7. Nb3 e6 8.
Qd2 a6 9. f3 Be7 10. O-O-O O-O 11. Be3 Qc7 12. g4 b5 13. h4 Ne5 14. g5 b4 15.
Na4 Nxf3 16. Qf2 Nd7 17. Qxf3 Qc6 18. h5 Ne5 19. Qg3 Qxa4 20. Bf4 Qc6 21. Nd4
Qc5 22. Bh3 Bd7 23. g6 hxg6 24. Nb3 Qc7 25. hxg6 Nxg6 26. Rdg1 Rfc8 27. Rh2 Bh4
28. Qf3 Bf6 29. Be3 a5 30. Nd4 Qc4 31. Bf1 Qxa2 32. Qh5 Qa1+ 33. Kd2 Qxb2 34.
e5 Qc3+ 35. Kd1 Qxe3 36. Rxg6 fxg6 37. Qh7+ Kf7 38. exf6 Qxd4+ 39. Bd3 Qxf6 40.
Bxg6+ Ke7 0-1

[Event "2. Bundesliga West 2005/2006"]
[Site "AUT"]
[Date "2006.01.20"]
[Round "6"]
[White "Ladner, Peter"]
[Black "Mittelberger, Peter"]
[Result "0-1"]
[WhiteElo "2038"]
[BlackElo "2235"]
[PlyCount "98"]
[EventDate "2005.10.??"]
[EventType "team"]
[EventRounds "11"]
[EventCountry "AUT"]
[WhiteTeam "Lochau XII"]
[BlackTeam "Woergl IV"]
[WhiteTeamCountry "AUT"]
[BlackTeamCountry "AUT"]

1. e4 d6 2. d4 g6 3. Be3 Bg7 4. Nc3 c6 5. h3 b5 6. Qd2 Nd7 7. Nf3 Qc7 8. Bd3 a6
9. O-O Bb7 10. Ne2 c5 11. c3 e5 12. dxe5 dxe5 13. c4 Ngf6 14. Ng3 b4 15. a3
bxa3 16. Rxa3 h5 17. Bg5 O-O 18. Bh6 Nh7 19. Bxg7 Kxg7 20. Nh4 Qd8 21. Nhf5+
gxf5 22. Nxh5+ Kh8 23. exf5 Ndf6 24. Nxf6 Qxf6 25. Qe3 Rg8 26. Be4 Bxe4 27.
Qxe4 Rad8 28. Re1 Rge8 29. Rd3 Rxd3 30. Qxd3 Qc6 31. Qc3 f6 32. Rd1 Rg8 33. g4
Qe4 34. Qe3 Qxe3 35. fxe3 Rb8 36. Rd2 Rb4 37. Rd6 Rxb2 38. Rxa6 Rb4 39. Rc6
Rxc4 40. Kf2 Rc2+ 41. Ke1 Rh2 42. Rxc5 Rxh3 43. Ke2 Kg7 44. Rc7+ Kf8 45. Ra7
Ng5 46. Ra6 Rh2+ 47. Kd3 Kg7 48. Ra7+ Nf7 49. Ke4 Rd2 0-1

[Event "2. Bundesliga West 2005/2006"]
[Site "AUT"]
[Date "2006.01.20"]
[Round "6"]
[White "Novkovic, Julia"]
[Black "Neuschmied, Siegfried"]
[Result "0-1"]
[WhiteElo "2145"]
[BlackElo "2251"]
[PlyCount "82"]
[EventDate "2005.10.??"]
[EventType "team"]
[EventRounds "11"]
[EventCountry "AUT"]
[WhiteTeam "Lochau XII"]
[BlackTeam "Woergl IV"]
[WhiteTeamCountry "AUT"]
[BlackTeamCountry "AUT"]

1. e4 c5 2. Nc3 d6 3. g3 Nc6 4. Bg2 g6 5. d3 Bg7 6. Be3 Nd4 7. Qd2 Qa5 8. f4
Nh6 9. h3 f5 10. Nge2 Nxe2 11. Nxe2 Qxd2+ 12. Bxd2 Bd7 13. Bc3 Bxc3+ 14. Nxc3
Bc6 15. O-O Kd7 16. Rae1 Raf8 17. e5 Rhg8 18. Bd5 Rg7 19. exd6 exd6 20. Be6+
Kd8 21. Kf2 Ng8 22. Bd5 Nf6 23. Bxc6 bxc6 24. Re6 Kd7 25. Re2 g5 26. fxg5 Rxg5
27. Re3 Rf7 28. Ne2 c4 29. Kg2 cxd3 30. Rxd3 Ne4 31. Rf4 d5 32. c4 Kd6 33. cxd5
cxd5 34. Nd4 Nc5 35. Ra3 Rb7 36. b4 Ne4 37. Nxf5+ Ke5 38. Nh6 Rxg3+ 39. Rxg3
Kxf4 40. Rb3 Rg7+ 41. Kh2 Nd2 0-1

[Event "2. Bundesliga West 2005/2006"]
[Site "AUT"]
[Date "2006.01.21"]
[Round "7"]
[White "Besner, Bernhard"]
[Black "Teske, Henrik"]
[Result "0-1"]
[WhiteElo "2116"]
[BlackElo "2487"]
[PlyCount "72"]
[EventDate "2005.10.??"]
[EventType "team"]
[EventRounds "11"]
[EventCountry "AUT"]
[WhiteTeam "ASK Salzburg XI"]
[BlackTeam "Absam"]
[WhiteTeamCountry "AUT"]
[BlackTeamCountry "AUT"]

1. e4 c5 2. c3 d5 3. exd5 Nf6 4. Bb5+ Nbd7 5. c4 a6 6. Bxd7+ Qxd7 7. Qe2 b5 8.
d3 e6 9. Nf3 Be7 10. dxe6 Qxe6 11. Nc3 O-O 12. Qxe6 Bxe6 13. cxb5 axb5 14. Nxb5
Nd5 15. Bg5 f6 16. Be3 Rfb8 17. Nc3 Rxb2 18. Nxd5 Bxd5 19. a4 c4 20. O-O cxd3
21. Rfd1 Bc4 22. a5 Ba6 23. Bc1 Rb3 24. Nd4 Rc3 25. Bd2 Rc4 26. Nf5 Bf8 27. Ne3
Rc6 28. Kf1 Rd8 29. Rac1 Re6 30. Rc7 Rb8 31. Rdc1 Ba3 32. Rd1 Rb2 33. Nc4 Rc2
34. Nxa3 Rxc7 35. Be3 d2+ 36. Kg1 Rc1 0-1

[Event "2. Bundesliga West 2005/2006"]
[Site "AUT"]
[Date "2006.01.21"]
[Round "7"]
[White "Brestan, Peter"]
[Black "Duer, Werner"]
[Result "0-1"]
[WhiteElo "2121"]
[BlackElo "2249"]
[PlyCount "154"]
[EventDate "2005.10.??"]
[EventType "team"]
[EventRounds "11"]
[EventCountry "AUT"]
[WhiteTeam "ASK Salzburg XI"]
[BlackTeam "Absam"]
[WhiteTeamCountry "AUT"]
[BlackTeamCountry "AUT"]

1. d4 Nf6 2. c4 c6 3. Nc3 d5 4. Nf3 a6 5. cxd5 cxd5 6. Bf4 Nc6 7. e3 Bg4 8. Bd3
e6 9. h3 Bh5 10. O-O Be7 11. Rc1 O-O 12. g4 Bg6 13. Ne5 Nxe5 14. Bxe5 Nd7 15.
Bxg6 hxg6 16. Bf4 Rc8 17. Qe2 Qa5 18. Kg2 Rc6 19. a3 Rfc8 20. Na2 b5 21. Rxc6
Rxc6 22. Rc1 Rc4 23. Rxc4 bxc4 24. e4 Nf6 25. e5 Nd7 26. Bd2 Qb6 27. Bc3 Bg5
28. Qc2 Nb8 29. Qa4 Qb5 30. Qxb5 axb5 31. Nb4 Be7 32. Kf3 Bxb4 33. Bxb4 Nc6 34.
Bc3 f6 35. exf6 gxf6 36. h4 Kg7 37. Ke3 Kh6 38. f4 f5 39. Kf3 fxg4+ 40. Kxg4
Kg7 41. h5 Kh6 42. hxg6 Kxg6 43. Kg3 Kf5 44. Kf3 Ne7 45. Ba5 Nc8 46. Bc7 Ne7
47. Ba5 Kg6 48. Bd2 Nf5 49. Be3 Nd6 50. Bd2 Ne4 51. Be1 Nd6 52. Kg4 Nf5 53. Bf2
Nh6+ 54. Kf3 Kh5 55. Be1 Nf5 56. Bf2 Nd6 57. Be1 Nf5 58. Bf2 Ne7 59. Be1 Nc6
60. Bc3 Kg6 61. Kg4 Ne7 62. Be1 Nf5 63. Bf2 Nh6+ 64. Kf3 Nf5 65. Be3 Ne7 66.
Kg4 Nc6 67. Bf2 Na5 68. Bg1 Nb3 69. Be3 Kf6 70. Kg3 Kf5 71. Kf3 Na1 72. Bg1 b4
73. a4 b3 74. a5 c3 75. a6 cxb2 76. a7 b1=Q 77. a8=Q Qd1+ 0-1

[Event "2. Bundesliga West 2005/2006"]
[Site "AUT"]
[Date "2006.01.21"]
[Round "7"]
[White "Juergens, Klaus"]
[Black "Luther, Thomas"]
[Result "0-1"]
[WhiteElo "2183"]
[BlackElo "2569"]
[PlyCount "62"]
[EventDate "2005.10.??"]
[EventType "team"]
[EventRounds "11"]
[EventCountry "AUT"]
[WhiteTeam "ASK Salzburg XI"]
[BlackTeam "Absam"]
[WhiteTeamCountry "AUT"]
[BlackTeamCountry "AUT"]

1. Nf3 Nf6 2. c4 e6 3. g3 d5 4. b3 c5 5. Bg2 Nc6 6. O-O Be7 7. Bb2 d4 8. e3 O-O
9. exd4 cxd4 10. Re1 Ne8 11. a3 a5 12. d3 f6 13. Nbd2 e5 14. h3 Nc7 15. Kh2 Be6
16. Bc1 Qd7 17. Ne4 Rae8 18. Ng1 f5 19. Ng5 Bxg5 20. Bxg5 f4 21. Bxc6 fxg3+ 22.
fxg3 Qxc6 23. Ra2 Bc8 24. h4 b6 25. Nh3 Bb7 26. Bc1 h6 27. Qg4 Na6 28. Qe2 Rf3
29. Nf4 Re3 30. Bxe3 exf4 31. gxf4 Rxe3 0-1

[Event "2. Bundesliga West 2005/2006"]
[Site "AUT"]
[Date "2006.01.21"]
[Round "7"]
[White "Pilz, Dieter"]
[Black "Scheiblmaier, Robert"]
[Result "1-0"]
[WhiteElo "2331"]
[BlackElo "2159"]
[PlyCount "157"]
[EventDate "2005.10.??"]
[EventType "team"]
[EventRounds "11"]
[EventCountry "AUT"]
[WhiteTeam "Absam"]
[BlackTeam "ASK Salzburg XI"]
[WhiteTeamCountry "AUT"]
[BlackTeamCountry "AUT"]

1. e4 e6 2. d4 d5 3. Nc3 Bb4 4. Bd3 dxe4 5. Bxe4 Nf6 6. Bg5 h6 7. Bxf6 Qxf6 8.
Nf3 O-O 9. O-O Nd7 10. Bd3 c6 11. Ne4 Qf4 12. c3 Be7 13. Re1 b6 14. Qe2 Bb7 15.
Ba6 Bxa6 16. Qxa6 Qc7 17. a4 Rfd8 18. Qc4 Nf6 19. g3 Rac8 20. Rad1 Nxe4 21.
Rxe4 Bf6 22. Ree1 c5 23. dxc5 Qxc5 24. Qxc5 bxc5 25. Kf1 Kf8 26. Nd2 Rb8 27.
Nc4 Rd5 28. Ke2 g6 29. Rd3 Rbd8 30. Red1 Rxd3 31. Rxd3 Rd5 32. Ne3 Rd8 33.
Rxd8+ Bxd8 34. Kd3 a6 35. Kc4 Bb6 36. Ng4 h5 37. Nf6 Ke7 38. Ne4 f5 39. Nxc5
Kd6 40. b4 e5 41. f3 g5 42. h3 Bxc5 43. bxc5+ Kc6 44. a5 g4 45. fxg4 fxg4 46.
h4 e4 47. Kd4 e3 48. Kxe3 Kxc5 49. Kf4 Kb5 50. Kg5 Kxa5 51. Kxh5 Kb6 52. Kxg4
a5 53. h5 a4 54. h6 a3 55. h7 a2 56. h8=Q a1=Q 57. Qe5 Qd1+ 58. Kg5 Qd2+ 59.
Qf4 Qd5+ 60. Qf5 Qd2+ 61. Kg6 Kb7 62. Qb5+ Kc7 63. Qe5+ Kb7 64. g4 Qd3+ 65. Kh6
Qh3+ 66. Kg5 Qd3 67. Qd4 Qb5+ 68. Kf6 Qc6+ 69. Ke7 Qg2 70. Qb4+ Kc7 71. Qc5+
Kb7 72. Qb5+ Ka7 73. Qd7+ Kb6 74. c4 Qc2 75. Qe6+ Kc7 76. g5 Qh7+ 77. Qf7 Qe4+
78. Kf6+ Kb8 79. Qf8+ 1-0

[Event "2. Bundesliga West 2005/2006"]
[Site "AUT"]
[Date "2006.01.21"]
[Round "7"]
[White "Herbrechtsmeier, Christof"]
[Black "Gross, David"]
[Result "0-1"]
[WhiteElo "2286"]
[BlackElo "2467"]
[PlyCount "68"]
[EventDate "2005.10.??"]
[EventType "team"]
[EventRounds "11"]
[EventCountry "AUT"]
[WhiteTeam "Bregenz X"]
[BlackTeam "Zillertal II"]
[WhiteTeamCountry "AUT"]
[BlackTeamCountry "AUT"]

1. e4 c5 2. Nf3 d6 3. d4 cxd4 4. Nxd4 Nf6 5. Nc3 e6 6. Be3 Be7 7. f3 Nc6 8. g4
Nd7 9. Nde2 a6 10. Ng3 b5 11. Qd2 Nce5 12. Be2 Qc7 13. O-O Bb7 14. f4 Nc4 15.
Bxc4 Qxc4 16. Qd4 Qxd4 17. Bxd4 O-O 18. Nd1 Rfc8 19. c3 e5 20. Be3 g6 21. Nf2
Rc4 22. Rad1 a5 23. a3 Re8 24. g5 exf4 25. Bxf4 Ne5 26. Bxe5 dxe5 27. Ng4 Bxg5
28. h4 Bxh4 29. Rd7 Bc8 30. Rfxf7 Bxd7 31. Rxd7 Re7 32. Nh6+ Kg7 33. Ngf5+ gxf5
34. Nxf5+ Kf7 0-1

[Event "2. Bundesliga West 2005/2006"]
[Site "AUT"]
[Date "2006.01.21"]
[Round "7"]
[White "Maiwald, Jens Uwe"]
[Black "Poettinger, Harald"]
[Result "1-0"]
[WhiteElo "2502"]
[BlackElo "2254"]
[PlyCount "51"]
[EventDate "2005.10.??"]
[EventType "team"]
[EventRounds "11"]
[EventCountry "AUT"]
[WhiteTeam "Zillertal II"]
[BlackTeam "Bregenz X"]
[WhiteTeamCountry "AUT"]
[BlackTeamCountry "AUT"]

1. g3 f5 2. Bg2 Nf6 3. Nf3 g6 4. b4 Bg7 5. Bb2 O-O 6. O-O d6 7. d4 Nc6 8. b5
Na5 9. Nbd2 d5 10. Ne5 c6 11. bxc6 Nxc6 12. Nxc6 bxc6 13. c4 Ne4 14. Nxe4 dxe4
15. Qc2 Rb8 16. e3 Be6 17. Ba3 Kf7 18. Qa4 Qc7 19. Rab1 Rb7 20. Rb3 Rfb8 21.
Bc5 Bc8 22. f3 Rxb3 23. axb3 Qb7 24. Rb1 Qa6 25. Qxa6 Bxa6 26. Ra1 1-0

[Event "2. Bundesliga West 2005/2006"]
[Site "AUT"]
[Date "2006.01.21"]
[Round "7"]
[White "Schiestl, Josef"]
[Black "Heilinger, Dietmar"]
[Result "1/2-1/2"]
[WhiteElo "2157"]
[BlackElo "2146"]
[PlyCount "53"]
[EventDate "2005.10.??"]
[EventType "team"]
[EventRounds "11"]
[EventCountry "AUT"]
[WhiteTeam "Zillertal II"]
[BlackTeam "Bregenz X"]
[WhiteTeamCountry "AUT"]
[BlackTeamCountry "AUT"]

1. e4 e6 2. d4 d5 3. Nd2 dxe4 4. Nxe4 Nd7 5. Bd3 Ngf6 6. Nxf6+ Nxf6 7. c3 c5 8.
dxc5 Bxc5 9. Qe2 Be7 10. Bg5 O-O 11. Nf3 Qa5 12. O-O Rd8 13. Rfd1 h6 14. Bh4
Bd7 15. Ne5 Ba4 16. Re1 Be8 17. a3 Rac8 18. b4 Qb6 19. Rac1 Kf8 20. Bg3 a6 21.
Bb1 Qa7 22. c4 a5 23. Nd3 axb4 24. axb4 Rd4 25. c5 Bb5 26. Qe3 Rd5 27. Qd2
1/2-1/2

[Event "2. Bundesliga West 2005/2006"]
[Site "AUT"]
[Date "2006.01.21"]
[Round "7"]
[White "Tabernig, Bernhard"]
[Black "Mira, Helene"]
[Result "1-0"]
[WhiteElo "2324"]
[BlackElo "2150"]
[PlyCount "45"]
[EventDate "2005.10.??"]
[EventType "team"]
[EventRounds "11"]
[EventCountry "AUT"]
[WhiteTeam "Zillertal II"]
[BlackTeam "Bregenz X"]
[WhiteTeamCountry "AUT"]
[BlackTeamCountry "AUT"]

1. d4 d5 2. c4 c6 3. Nf3 e6 4. Nc3 f5 5. Bg5 Nf6 6. Qc2 Qa5 7. Bxf6 gxf6 8. e3
Rg8 9. h3 Bb4 10. g4 Bxc3+ 11. bxc3 fxg4 12. hxg4 dxc4 13. Bxc4 Rg7 14. Rc1 b5
15. Bb3 c5 16. Rxh7 Qc7 17. Rh8+ Ke7 18. dxc5 Bb7 19. Nd4 Qe5 20. Bxe6 Be4 21.
Qb3 Nc6 22. Rxa8 Nxd4 23. cxd4 1-0

[Event "2. Bundesliga West 2005/2006"]
[Site "AUT"]
[Date "2006.01.21"]
[Round "7"]
[White "Volke, Karsten"]
[Black "Lanka, Zigurds"]
[Result "1-0"]
[WhiteElo "2473"]
[BlackElo "2510"]
[PlyCount "87"]
[EventDate "2005.10.??"]
[EventType "team"]
[EventRounds "11"]
[EventCountry "AUT"]
[WhiteTeam "Bregenz X"]
[BlackTeam "Zillertal II"]
[WhiteTeamCountry "AUT"]
[BlackTeamCountry "AUT"]

1. Nf3 Nf6 2. c4 g6 3. Nc3 Bg7 4. e4 d6 5. d4 O-O 6. h3 e5 7. d5 a5 8. Bg5 Na6
9. Nd2 Bd7 10. Be2 c6 11. O-O Kh8 12. a3 Qb8 13. Rb1 Ne8 14. b4 axb4 15. axb4
c5 16. bxc5 Nxc5 17. Nb3 f6 18. Nxc5 dxc5 19. Be3 Qc7 20. Nb5 Qc8 21. Qb3 f5
22. f4 exf4 23. Bxf4 fxe4 24. Qg3 Bf5 25. Be5 Qd7 26. Bxg7+ Qxg7 27. Qe3 b6 28.
g4 Bd7 29. Rxf8+ Qxf8 30. Nc3 Qg7 31. Nxe4 Ra1 32. Rxa1 Qxa1+ 33. Kf2 Kg8 34.
Qg5 Qg7 35. Qd8 h5 36. g5 Kh7 37. Nf6+ Nxf6 38. gxf6 Qf7 39. h4 Bf5 40. Kg3 g5
41. hxg5 Bg6 42. d6 Qb7 43. Qe7+ Qxe7 44. fxe7 1-0

[Event "2. Bundesliga West 2005/2006"]
[Site "AUT"]
[Date "2006.01.21"]
[Round "7"]
[White "Ager, Josef"]
[Black "Gaertner, Guntram"]
[Result "1/2-1/2"]
[WhiteElo "2246"]
[BlackElo "2368"]
[PlyCount "139"]
[EventDate "2005.10.??"]
[EventType "team"]
[EventRounds "11"]
[EventCountry "AUT"]
[WhiteTeam "Ranshofen IX"]
[BlackTeam "Hohenems V"]
[WhiteTeamCountry "AUT"]
[BlackTeamCountry "AUT"]

1. d4 d5 2. Nf3 c6 3. g3 Nf6 4. Bg2 Bf5 5. O-O e6 6. c4 Nbd7 7. b3 h6 8. Bb2
Be7 9. Nc3 O-O 10. Nd2 Qb6 11. e4 dxe4 12. Ndxe4 Nxe4 13. Nxe4 Nf6 14. Qe2 Nxe4
15. Bxe4 Bxe4 16. Qxe4 Bf6 17. Rfd1 Rfd8 18. Rd3 Rd7 19. Rad1 Rad8 20. R1d2 Qa6
21. a4 Qb6 22. Kg2 Qb4 23. Qe3 a6 24. c5 Qa5 25. Bc3 Qc7 26. Rd1 Rd5 27. Qe1
Qd7 28. Ba5 Re8 29. Qe4 Re7 30. f4 g6 31. Bc3 Qd8 32. Qe1 Red7 33. Ba5 Qe8 34.
Qe3 Kh7 35. R3d2 Qh8 36. Bc3 Qd8 37. Rd3 Bg7 38. R3d2 Qf6 39. h4 h5 40. b4 Rd8
41. Qe2 Qf5 42. Qf3 R5d7 43. Kf2 Ra8 44. Kg2 Rd5 45. Rb2 Kg8 46. Rbd2 Qf6 47.
Qe2 Qd8 48. Kh2 Qd7 49. Kg2 Rd8 50. Kf2 Bh6 51. Qe4 Qe7 52. Kg2 Kh7 53. Re2 Rf5
54. Rf1 Qc7 55. Rb2 Bg7 56. Rd1 Rfd5 57. Rbd2 b6 58. cxb6 Qxb6 59. Kh3 Rb8 60.
Rb2 Qa7 61. Rc2 Bf8 62. Qe1 Qd7 63. Kh2 c5 64. bxc5 Qxa4 65. Qe2 Qb5 66. Ra1
Bg7 67. Rxa6 Qxe2+ 68. Rxe2 Bxd4 69. Bxd4 Rxd4 70. Rc2 1/2-1/2

[Event "2. Bundesliga West 2005/2006"]
[Site "AUT"]
[Date "2006.01.21"]
[Round "7"]
[White "Bezold, Michael"]
[Black "Medvegy, Zoltan"]
[Result "1-0"]
[WhiteElo "2530"]
[BlackElo "2478"]
[PlyCount "69"]
[EventDate "2005.10.??"]
[EventType "team"]
[EventRounds "11"]
[EventCountry "AUT"]
[WhiteTeam "Hohenems V"]
[BlackTeam "Ranshofen IX"]
[WhiteTeamCountry "AUT"]
[BlackTeamCountry "AUT"]

1. g3 d5 2. Bg2 e5 3. c4 d4 4. d3 c5 5. Nf3 Nc6 6. O-O Nf6 7. e3 Be7 8. exd4
exd4 9. Bg5 O-O 10. Re1 h6 11. Bxf6 Bxf6 12. Nbd2 Be6 13. a3 Qd7 14. Rb1 Rab8
15. Qc2 a5 16. Ne4 Be7 17. Nfd2 b6 18. f4 Rfe8 19. Re2 Bf8 20. Rbe1 Kh8 21. Qa4
Na7 22. Qc2 b5 23. Nf2 Rec8 24. cxb5 Qxb5 25. Nc4 Bxc4 26. dxc4 Qb6 27. Qf5 Qf6
28. Qd7 Nc6 29. Re8 Na7 30. Ng4 Qb6 31. Qxf7 Rxe8 32. Rxe8 Rxe8 33. Qxe8 Qd6
34. Ne5 Kh7 35. Be4+ 1-0

[Event "2. Bundesliga West 2005/2006"]
[Site "AUT"]
[Date "2006.01.21"]
[Round "7"]
[White "Dovzik, Juri"]
[Black "Novkovic, Milan"]
[Result "1-0"]
[WhiteElo "2405"]
[BlackElo "2402"]
[PlyCount "47"]
[EventDate "2005.10.??"]
[EventType "team"]
[EventRounds "11"]
[EventCountry "AUT"]
[WhiteTeam "Ranshofen IX"]
[BlackTeam "Hohenems V"]
[WhiteTeamCountry "AUT"]
[BlackTeamCountry "AUT"]

1. d4 Nf6 2. Nf3 e6 3. g3 b5 4. Bg2 Bb7 5. O-O c5 6. Na3 a6 7. c4 cxd4 8. cxb5
Bxa3 9. bxa6 Bxf3 10. Bxf3 Rxa6 11. bxa3 e5 12. Bg2 O-O 13. e3 dxe3 14. Bxe3 d5
15. Bc5 Re8 16. Rc1 Nc6 17. Qd3 Qa5 18. Rfd1 e4 19. Qb3 d4 20. Bxd4 Nxd4 21.
Rxd4 Qxa3 22. Qxa3 Rxa3 23. Bxe4 Rxa2 24. Bf3 1-0

[Event "2. Bundesliga West 2005/2006"]
[Site "AUT"]
[Date "2006.01.21"]
[Round "7"]
[White "Grabher, Heinz"]
[Black "Maierhofer, Johann"]
[Result "1/2-1/2"]
[WhiteElo "2279"]
[BlackElo "2166"]
[PlyCount "101"]
[EventDate "2005.10.??"]
[EventType "team"]
[EventRounds "11"]
[EventCountry "AUT"]
[WhiteTeam "Hohenems V"]
[BlackTeam "Ranshofen IX"]
[WhiteTeamCountry "AUT"]
[BlackTeamCountry "AUT"]

1. e4 e5 2. Nf3 Nf6 3. Nxe5 d6 4. Nf3 Nxe4 5. Nc3 Nxc3 6. dxc3 Be7 7. Bf4 Nd7
8. Qd2 Nc5 9. O-O-O Bd7 10. h3 Ne6 11. Be3 Bc6 12. Nd4 Qd7 13. Nxc6 Qxc6 14. g4
O-O-O 15. Rg1 h6 16. Bg2 Qa6 17. Kb1 Rhe8 18. Qd5 Kb8 19. Qf5 Rf8 20. Bf1 Qa4
21. b3 Qc6 22. Qa5 a6 23. Bg2 Qb5 24. Qa3 Qe5 25. Qb4 Qb5 26. Qe4 c6 27. Bd4
Rfe8 28. c4 Qa5 29. Bb2 Bh4 30. f4 Bg3 31. f5 Ng5 32. Qd3 Be5 33. Rge1 f6 34.
Re2 Nf7 35. Qe3 Re7 36. Qd2 Qxd2 37. Rexd2 Bxb2 38. Kxb2 Rde8 39. Bf3 Re3 40.
Rd3 Kc7 41. Kc3 R3e7 42. b4 Re5 43. Kb3 R8e7 44. a3 Re8 45. Kc3 R8e7 46. Kb2
Re8 47. c5 Rd8 48. cxd6+ Rxd6 49. Kc1 Re7 50. c4 Rxd3 51. Rxd3 1/2-1/2

[Event "2. Bundesliga West 2005/2006"]
[Site "AUT"]
[Date "2006.01.21"]
[Round "7"]
[White "Hackbarth, Wolfgang"]
[Black "Baldauf, Marco"]
[Result "1/2-1/2"]
[WhiteElo "2135"]
[BlackElo "2120"]
[PlyCount "103"]
[EventDate "2005.10.??"]
[EventType "team"]
[EventRounds "11"]
[EventCountry "AUT"]
[WhiteTeam "Ranshofen IX"]
[BlackTeam "Hohenems V"]
[WhiteTeamCountry "AUT"]
[BlackTeamCountry "AUT"]

1. c4 Nf6 2. Nc3 g6 3. g3 Bg7 4. Bg2 O-O 5. Nf3 d6 6. d3 Nc6 7. Bg5 h6 8. Bd2
e5 9. Qc1 Kh7 10. h4 Be6 11. Rb1 Nh5 12. b4 f5 13. b5 Ne7 14. Nh2 Qc8 15. Nd5
Rf7 16. Bf3 Ng8 17. Bxh5 gxh5 18. Nf3 e4 19. Ng1 Bxd5 20. cxd5 exd3 21. exd3
Nf6 22. Nh3 Re7+ 23. Kf1 Nxd5 24. Kg2 Qg8 25. Qd1 Qf7 26. Qf3 a6 27. a3 axb5
28. Rxb5 c6 29. Ra5 Rae8 30. Nf4 Nxf4+ 31. Bxf4 Be5 32. Be3 d5 33. Rb1 Rg8 34.
Kf1 Rg4 35. Bc5 Rd7 36. Ra8 f4 37. Rf8 Qg6 38. gxf4 Rg1+ 39. Ke2 Bg7 40. Rxg1
Qxg1 41. Qxh5 Qg6 42. Qxg6+ Kxg6 43. Re8 Bf6 44. Kf3 h5 45. a4 Bxh4 46. Bd4 Bf6
47. Bxf6 Kxf6 48. Rh8 Kg6 49. a5 Re7 50. Rc8 Kf5 51. Rh8 Kg6 52. Rc8 1/2-1/2

[Event "2. Bundesliga West 2005/2006"]
[Site "AUT"]
[Date "2006.01.21"]
[Round "7"]
[White "Bromberger, Stefan"]
[Black "Gasthofer, Alexander"]
[Result "1/2-1/2"]
[WhiteElo "2478"]
[BlackElo "2418"]
[PlyCount "43"]
[EventDate "2005.10.??"]
[EventType "team"]
[EventRounds "11"]
[EventCountry "AUT"]
[WhiteTeam "Innsbruck Rochade III"]
[BlackTeam "Inter Salzburg VIII"]
[WhiteTeamCountry "AUT"]
[BlackTeamCountry "AUT"]

1. e4 e6 2. d4 d5 3. Nc3 Bb4 4. e5 c5 5. a3 Bxc3+ 6. bxc3 Ne7 7. Qg4 Kf8 8. Bd2
Qc7 9. Bd3 b6 10. Nf3 cxd4 11. cxd4 Ba6 12. O-O h6 13. Bb4 Bxd3 14. cxd3 Nbc6
15. Rac1 Qd7 16. Bxe7+ Nxe7 17. Rc3 Kg8 18. Rfc1 Kh7 19. Qh5 g6 20. Qh4 Rhc8
21. Qf4 Kg7 22. h4 1/2-1/2

[Event "2. Bundesliga West 2005/2006"]
[Site "AUT"]
[Date "2006.01.21"]
[Round "7"]
[White "Deglmann, Ludwig"]
[Black "Pitschka, Klaus"]
[Result "1-0"]
[WhiteElo "2378"]
[BlackElo "2246"]
[PlyCount "73"]
[EventDate "2005.10.??"]
[EventType "team"]
[EventRounds "11"]
[EventCountry "AUT"]
[WhiteTeam "Innsbruck Rochade III"]
[BlackTeam "Inter Salzburg VIII"]
[WhiteTeamCountry "AUT"]
[BlackTeamCountry "AUT"]

1. g3 d5 2. Bg2 Nf6 3. d3 c6 4. Nd2 e5 5. Ngf3 Bd6 6. e4 O-O 7. O-O Be6 8. h3
h6 9. b3 dxe4 10. dxe4 Nbd7 11. Bb2 Qc7 12. Qe2 b5 13. Nh4 Rfd8 14. Kh1 Nb6 15.
Rad1 a5 16. f4 Nh7 17. f5 Bc8 18. Ndf3 Ba6 19. Rxd6 Qxd6 20. Bxe5 Qe7 21. Qe3
Nd7 22. Bd4 c5 23. Bb2 Bb7 24. e5 Ng5 25. Qf4 Nxf3 26. Nxf3 Nf8 27. Kh2 Qc7 28.
Qg4 Bxf3 29. Qxf3 Rac8 30. e6 fxe6 31. f6 e5 32. Qe3 Rd4 33. fxg7 Qxg7 34. Bxd4
exd4 35. Bd5+ Kh8 36. Qe4 Rc7 37. Qe8 1-0

[Event "2. Bundesliga West 2005/2006"]
[Site "AUT"]
[Date "2006.01.21"]
[Round "7"]
[White "Kratochwil, Christian"]
[Black "Hager, Franz"]
[Result "0-1"]
[WhiteElo "2259"]
[BlackElo "2234"]
[PlyCount "154"]
[EventDate "2005.10.??"]
[EventType "team"]
[EventRounds "11"]
[EventCountry "AUT"]
[WhiteTeam "Innsbruck Rochade III"]
[BlackTeam "Inter Salzburg VIII"]
[WhiteTeamCountry "AUT"]
[BlackTeamCountry "AUT"]

1. c4 e5 2. g3 Nc6 3. Bg2 f5 4. Nc3 Nf6 5. e3 g6 6. Nge2 Bg7 7. O-O d6 8. b3
O-O 9. Bb2 a5 10. a3 g5 11. f4 h6 12. d4 Ng4 13. Nd5 gxf4 14. exf4 e4 15. h3
Nf6 16. Ne3 d5 17. Qd2 Be6 18. Rac1 Kh7 19. Kf2 Ne7 20. Bc3 a4 21. Qb2 axb3 22.
c5 Bc8 23. Qxb3 Rg8 24. Rh1 c6 25. a4 Ng6 26. Rcg1 Nh5 27. Bf1 Bf6 28. Ke1 Qc7
29. Kd1 Kh8 30. Bd2 Bd7 31. a5 Rxa5 32. Bxa5 Qxa5 33. g4 Qa1+ 34. Kd2 Ra8 35.
Nc2 Qa5+ 36. Qc3 Nhxf4 37. Qxa5 Rxa5 38. gxf5 Bxf5 39. Ng3 Bc8 40. Ne2 Kh7 41.
Nxf4 Nxf4 42. h4 Ra2 43. Kc3 h5 44. Rh2 Bg4 45. Rf2 Bf3 46. Kb3 Ra8 47. Rh2 Ne6
48. Rd2 Bxh4 49. Bg2 Bg4 50. Rh1 Bg5 51. Rf2 e3 52. Rf7+ Kg6 53. Rxb7 e2 54.
Rb6 Rc8 55. Kc3 Nf4 56. Rg1 h4 57. Ne1 Nxg2 58. Rxg2 h3 59. Rg1 h2 60. Rh1 Bf4
61. Ng2 Bg3 62. Kd2 Bf3 63. Rb3 e1=Q+ 64. Nxe1 Bxe1+ 65. Rxe1 h1=Q 66. Rxh1
Bxh1 67. Rh3 Be4 68. Ke3 Ra8 69. Kf4 Re8 70. Ra3 Bf5 71. Ra6 Re4+ 72. Kf3 Bg4+
73. Kg3 Rxd4 74. Rxc6+ Kf5 75. Rd6 Ke5 76. Rg6 Bf5 77. Rd6 Rc4 0-1

[Event "2. Bundesliga West 2005/2006"]
[Site "AUT"]
[Date "2006.01.21"]
[Round "7"]
[White "Marchhart, Matthias"]
[Black "Muehlbacher, Bernhard"]
[Result "1-0"]
[WhiteElo "2153"]
[BlackElo "2116"]
[PlyCount "107"]
[EventDate "2005.10.??"]
[EventType "team"]
[EventRounds "11"]
[EventCountry "AUT"]
[WhiteTeam "Inter Salzburg VIII"]
[BlackTeam "Innsbruck Rochade III"]
[WhiteTeamCountry "AUT"]
[BlackTeamCountry "AUT"]

1. e4 c5 2. Nf3 e6 3. d4 cxd4 4. Nxd4 a6 5. Bd3 b6 6. O-O Bb7 7. Re1 d6 8. Qh5
Nf6 9. Qh3 Nbd7 10. f3 Be7 11. c3 Qc7 12. Nd2 Ne5 13. Bf1 g5 14. Qg3 Nh5 15.
Qf2 Nf4 16. Qe3 h5 17. g3 Nfg6 18. b3 Rg8 19. Ba3 Rd8 20. Nc4 g4 21. f4 Nf3+
22. Nxf3 gxf3 23. Qxf3 b5 24. Nd2 d5 25. Bxe7 Qxe7 26. Bg2 h4 27. Qe3 hxg3 28.
hxg3 Nf8 29. Rad1 Qc7 30. exd5 Bxd5 31. Bxd5 Rxd5 32. Ne4 Ke7 33. Rxd5 exd5 34.
Ng5+ Kf6 35. Qd4+ Kg6 36. Qd3+ Kf6 37. Re5 Kg7 38. Rxd5 Rh8 39. Qd4+ Kg8 40.
Ne4 Ne6 41. Qf6 Qb6+ 42. Nc5 Rh7 43. Kg2 Qc6 44. c4 bxc4 45. bxc4 Rg7 46. Kf2
Qb6 47. f5 Qb1 48. fxe6 Qxa2+ 49. Kf3 Qa3+ 50. Nd3 fxe6 51. Qxe6+ Rf7+ 52. Kg4
Qf8 53. Rg5+ Kh8 54. Ne5 1-0